Místní uzlové telefónní ústředny
Gespeichert in:
| Hauptverfasser: | , , |
|---|---|
| Format: | Buch |
| Sprache: | Tschechisch |
| Veröffentlicht: |
Praha :
NADAS,
1968
|
| Schlagworte: | |
| Tags: |
Keine Tags, Fügen Sie das erste Tag hinzu!
|
MARC
| LEADER | 00000nam a22000003a 4500 | ||
|---|---|---|---|
| 001 | stu225432 | ||
| 005 | 20150617230121.6 | ||
| 008 | 110518s1968------------------------cze-d | ||
| 040 | |a STU |b slo | ||
| 041 | 0 | |a cze | |
| 080 | |a 621.395.73 | ||
| 080 | |a 654.15 | ||
| 100 | 1 | |a Klika, Otakar |4 aut | |
| 245 | 1 | |a Místní uzlové telefónní ústředny | |
| 260 | |a Praha : |b NADAS, |c 1968 | ||
| 300 | |a 415 s | ||
| 650 | 7 | |a prenosové vedenia |2 stusub | |
| 650 | 7 | |a telekomunikačné vedenia |2 stusub | |
| 700 | 1 | |a Prager, Emanuel |4 aut | |
| 700 | 1 | |a Hamřík, J. |4 aut | |
| 996 | |b E36810 |c E*36810 |l EE16 |s P |a 0 |w stu225432_0001 | ||